European Animals by Picture #1 - Statistics

General Stats
  • This quiz has been taken 89 times
  • The average score is 8 of 12
Answer Stats
Picture Answer % Correct
Eurasian Otter
99%
European Rabbit
96%
Tawny Owl
96%
European Badger
84%
Iberian Lynx
83%
European Green Woodpecker
79%
Natterjack Toad
70%
European Adder
44%
Eurasian Blue Tit
40%
Red Deer
39%
Hazel Dormouse
27%
European Goldfinch
24%
No matching quizzes found
Score Distribution
Percent of People with Each Score
Percentile by Number Answered
Your Score History
You have not taken this quiz